=LDR 00000nam 2200000 4500 =001 INLIS000000000045787 =990 ##$$a 21420816 =005 20150210101845.0 =990 ##$$a 21420812 =006 =990 ##$$a 21420813 =007 =990 ##$$a 21420814 =008 =990 ##$$a 21420815 =035 ##$$0010-021500000000347 =040 ##$$a NBPDMAT =082 ##$$a 608.03 =090 ##$$a 608.03 $b Suc e =100 ##$$a Sucipto =245 ##$$a Ensiklopedi Ilmu Pengetahuan dan Teknologi Kisah Penemu $c Sucipto =260 ##$$a [s l] $b Uranus Publishing $c 2009 =300 ##$$a 56 hlm $b Ilus $c 23 cm =650 ##$$a Teknologi (Penemu) - Ensiklopedia =850 ##$$a NBPDMAT =990 ##$$a 0001/BPAP-NTB/20142015 =990 ##$$a 0001/BPAP-NTB/20142015 =990 ##$$a 0001/BPAP-NTB/20142015 =990 ##$$a 0001/BPAP-NTB/20142015 =990 ##$$a 0001/BPAP-NTB/20142015